Bear in sunshine = L'ours au soleil /

Bear likes to play in all kinds of weather.

Bibliographic Details
Main Author: Blackstone, Stella
Other Authors: Harter, Debbie (Illustrator), Champion, Servane
Format: Book
Language:English
French
Published: Bath ; Cambridge, MA : Barefoot Books, 2009.
Subjects:

MARC

Tag First Indicator Second Indicator Subfields
LEADER 00000cam a2200000Ma 4500
001 in00002784101
005 20151202171647.0
008 090202s2009 enka b 000 1 eng d
010 |a  2009003088 
020 |a 9781846863882 
020 |a 1846863880 
035 |a (OCoLC)ocn795683799 
035 |a (OCoLC)795683799 
040 |a LMJ  |c LMJ  |d OCLCO  |d YDXCP  |d UtOrBLW 
041 1 |a eng  |a fre  |h eng 
049 |a TXAM 
050 0 0 |a PZ24.3.B53  |b Bem 2009 
082 0 0 |a [E]  |2 22 
100 1 |a Blackstone, Stella. 
245 1 0 |a Bear in sunshine =  |b L'ours au soleil /  |c Stella Blackstone ; [illustrations by] Debbie Harter ; [translation by Servane Champion]. 
246 3 0 |a Ours au soleil 
246 3 1 |a L'ours au soleil  
264 1 |a Bath ;  |a Cambridge, MA :  |b Barefoot Books,  |c 2009. 
300 |a 1 volume (unpaged) :  |b color illustrations ;  |c 25 cm. 
336 |a text  |b txt  |2 rdacontent 
337 |a unmediated  |b n  |2 rdamedia 
338 |a volume  |b nc  |2 rdacarrier 
520 |a Bear likes to play in all kinds of weather. 
650 1 |a French language materials  |x Bilingual  |v Juvenile fiction. 
650 0 |a Weather  |v Juvenile fiction. 
650 0 |a Bears  |v Juvenile fiction. 
650 0 |a Stories in rhyme  |v Juvenile fiction. 
700 1 2 |a Blackstone, Stella.  |t Bear in sunshine.  |l French. 
700 1 2 |a Blackstone, Stella.  |t Bear in sunshine.  |l English. 
700 1 |a Harter, Debbie,  |e illustrator. 
700 1 |a Champion, Servane. 
938 |a YBP Library Services  |b YANK  |n 4051894 
947 |a A14836010420 
945 |a PromptCat  |b 115968 
946 |a curr 
994 |a 92  |b TXA 
948 |a Cataloged  |b h  |c 2012/12/5  |d c  |e EGrant 
999 |a MARS 
999 f f |s c627ab85-d3b2-3393-bea1-d5598fcd9d8e  |i c57d8a0f-07a4-3291-a0a0-8c202869e748  |t 0 
952 f f |p normal  |a Texas A&M University  |b College Station  |c Sterling C. Evans Library  |d Evans: Curriculum Collection (4th floor)  |t 0  |e PZ24.3.B53 Bem 2009  |h Library of Congress classification  |i unmediated -- volume  |m A14836010420 
998 f f |a PZ24.3.B53 Bem 2009  |t 0  |l Evans: Curriculum Collection (4th floor)